[Event "5th Vardaris Open 2019"]
[Site "Thessaloniki"]
[Date "2019.03.11"]
[Round "7.1"]
[White "Vallejo Pons, Francisco"]
[Black "Delorme, Alban"]
[Result "1-0"]
[WhiteElo "2698"]
[BlackElo "2305"]
[Annotator "TA"]
[PlyCount "101"]
[EventDate "2019.02.27"]
[EventType "swiss"]
[EventCountry "GRE"]
[SourceTitle "playchess.com"]
[Source "ChessBase"]
[SourceQuality "1"]

{[%evp 18,101,37,11,33,34,37,27,34,25,33,8,21,6,9,7,88,24,23,-16,-8,-28,0,-27,-15,-62,-46,-55,96,102,102,89,127,112,349,347,348,351,323,337,325,315,397,380,400,401,366,296,294,301,280,260,336,275,341,285,310,293,529,493,468,529,493,503,526,490,497,383,311,0,497,495,551,550,539,529,521,499,489,463,1820,1786,1425,1218,1128,1053]} 1. e4 c5 2. Nf3 Nc6 3. Bb5 d6 4. O-O Bd7 5. Re1 Nf6 6. c3 a6 7. Bf1 Bg4 8. h3 Bxf3 9. Qxf3 g6 10. Qd1 Qb6 {B51: Sicilian: Moscow Variation (3 Bb5+) without 3...Bd7} (10... Bh6 11. b3 O-O 12. Bb2 Rc8 13. Na3 Qc7 14. Nc2 d5 15. exd5 Nxd5 16. c4 Nf4 17. d4 cxd4 18. Nxd4 Rcd8 19. Nxc6 Qxc6 {0-1 (64) Nepomniachtchi,I (2721)-Vachier Lagrave,M (2745) Beijing 2013}) 11. d3 Bg7 12. Nd2 O-O {White has an edge.} 13. f4 Rad8 $146 ({Predecessor:} 13... Rfe8 14. Kh1 Qc7 15. Nf3 b5 16. g4 b4 17. Bg2 bxc3 18. bxc3 Rab8 {0-1 (40) Cabarkapa,N (2372)-Todorovic,G (2464) Palic 2014}) 14. Kh1 Qc7 15. g4 b5 16. Nf3 c4 (16... b4 $11 {remains equal.}) 17. d4 ({White should try} 17. dxc4 $16 Rb8 18. cxb5 axb5 19. a3) 17... d5 18. e5 Ne4 19. Be3 f5 20. Kh2 b4 21. gxf5 bxc3 22. fxg6 hxg6 $2 (22... cxb2 $15 {keeps the upper hand.} 23. gxh7+ Kh8) 23. bxc3 $16 e6 24. Qc2 Bh6 25. Nd2 Nxd2 $2 (25... Bxf4+ $16 26. Bxf4 Rxf4 27. Nxe4 dxe4 28. Rxe4 (28. Bxc4 Nxe5 29. dxe5 Qxc4 $15) 28... Qf7 29. Rxf4 Qxf4+ 30. Kh1 Kg7) 26. Qxg6+ $18 {[%mdl 64] [#] Double Attack} (26. Bxd2 Qf7 $14) (26. Qxd2 Ne7 $14) 26... Qg7 27. Qxe6+ {[%mdl 64] Double Attack} Kh8 28. Bxd2 Ne7 {Black hopes to continue with ...Nf5.} 29. Re2 ({Much less strong is} 29. Qg4 Qh7 $18) 29... Bxf4+ 30. Bxf4 Rxf4 31. Rg2 Qh7 32. Be2 Rdf8 33. Bg4 ({Worse is} 33. Qxa6 Nf5 $11) 33... Qh4 34. Rag1 Rg8 35. a3 {[%cal Ba2a3,Ba3a4][%mdl 32]} ({And not} 35. Qxa6 Rfxg4 36. Rxg4 Rxg4 $11) 35... a5 36. a4 Rg7 37. Qd7 Rf2 $2 (37... Rg8 38. Rg3 Rf2+ 39. Kh1 Rgf8) 38. Qe8+ Kh7 {[#] aiming for ...Rxg4.} 39. Qh5+ Qxh5 40. Bxh5 Rgxg2+ 41. Rxg2 {[%mdl 4096] Endgame KRB-KRN} Rf1 42. Rg1 Rf2+ 43. Rg2 (43. Kh1 $142) 43... Rf1 $1 44. Bg4 {White is clearly winning.} Rc1 45. Rg3 Rc2+ 46. Kg1 Kh6 47. Bd7 Ng6 48. e6 {And now Rxg6+! would win.} Nf4 (48... Re2 $142 49. Rf3 Kg5) 49. e7 Ne2+ 50. Kf2 {Rg6+! is the strong threat.} Nxd4+ 51. Ke3 {Accuracy: White = 55%, Black = 38%.} 1-0

[Event "5th Vardaris Open 2019"]
[Site "Thessaloniki"]
[Date "2019.03.11"]
[Round "7.2"]
[White "Kanakaris, Georgios"]
[Black "Betsakos, Konstantinos"]
[Result "1-0"]
[WhiteElo "2403"]
[BlackElo "2045"]
[Annotator "RC"]
[PlyCount "67"]
[EventDate "2019.02.27"]
[EventType "swiss"]
[EventCountry "GRE"]
[SourceTitle "playchess.com"]
[Source "ChessBase"]
[SourceQuality "1"]
[TimeControl "6000+30"]

1. d4 {[%emt 0:00:00]} Nf6 {[%emt 0:00:00]} 2. Nf3 {[%emt 0:00:00]} e6 {[%emt 0:00:02]} 3. c4 {[%emt 0:00:06]} Bb4+ {[%emt 0:00:16]} 4. Nbd2 {[%emt 0:00:38]} b6 {[%emt 0:00:19]} 5. e3 {[%emt 0:00:28]} Bb7 {[%emt 0:00:21]} 6. Bd3 {[%emt 0:00:09]} c5 {[%emt 0:06:37]} 7. O-O {[%emt 0:04:37]} cxd4 {[%emt 0:01:25]} 8. exd4 {[%emt 0:08:33]} a5 {[%emt 0:06:43]} 9. a3 {[%emt 0:12:45]} Be7 {[%emt 0:00:27]} 10. b3 {[%emt 0:00:38]} O-O {[%emt 0:05:38]} 11. Qe2 {[%emt 0:03:18]} d5 {[%emt 0:01:47]} 12. Bb2 {[%emt 0:02:50]} a4 {[%emt 0:00:42]} 13. bxa4 {[%emt 0:07:05]} Rxa4 {[%emt 0:01:30]} 14. Ne5 {[%emt 0:02:51]} dxc4 {[%emt 0:01:38]} 15. Ndxc4 {[%emt 0:00:24]} Nc6 {[%emt 0:00:20]} 16. Rfd1 {[%emt 0:02:52]} g6 {[%emt 0:04:29]} 17. Qc2 {[%emt 0:20:22]} Ra7 {[%emt 0:03:44]} 18. Ne3 {[%emt 0:12:39]} Qa8 {[%emt 0:22:28]} 19. N5g4 {[%emt 0:05:17]} Nd5 {[%emt 0:01:02]} 20. Nxd5 {[%emt 0:01:18]} exd5 {[%emt 0:00:01]} 21. Qc1 {[%emt 0:01:32]} Qb8 {[%emt 0:08:25]} 22. Bb5 {[%emt 0:05:09]} Qd6 {[%emt 0:00:37]} 23. a4 {[%emt 0:00:40]} Bc8 {[%emt 0:10:15]} 24. Nh6+ {[%emt 0:06:45]} Kg7 {[%emt 0:00:14]} 25. Qxc6 {[%emt 0:00:05]} Kxh6 {[%emt 0:00:27]} 26. Rac1 {[%emt 0:01:06]} Bd7 {[%emt 0:01:37]} 27. Qxd6 {[%emt 0:03:20]} Bxd6 {[%emt 0:01:10]} 28. Bc6 {[%emt 0:00:16]} Bxc6 {[%emt 0:02:13]} 29. Rxc6 {[%emt 0:00:05]} Be7 {[%emt 0:00:16]} 30. Rxb6 {[%emt 0:01:12]} Rxa4 {[%emt 0:00:04]} 31. Rb5 {[%emt 0:02:16]} Rb4 {[%emt 0:03:23]} 32. Bc1+ {[%emt 0:00:08]} Kg7 {[%emt 0:00:04]} 33. Rxd5 {[%emt 0:00:05]} Rb1 {[%emt 0:00:02]} 34. Bh6+ {[%emt 0:00:10]} 1-0

[Event "5th Vardaris Open 2019"]
[Site "Thessaloniki"]
[Date "2019.03.11"]
[Round "7.3"]
[White "Tsaknakis, Zisis"]
[Black "Halkias, Stelios"]
[Result "1/2-1/2"]
[WhiteElo "2243"]
[BlackElo "2552"]
[Annotator "TA"]
[PlyCount "115"]
[EventDate "2019.02.27"]
[EventType "swiss"]
[EventCountry "GRE"]
[SourceTitle "playchess.com"]
[Source "ChessBase"]
[SourceQuality "1"]

{[%evp 27,115,29,39,0,8,0,8,0,18,-30,-28,-48,-52,-42,-39,-54,-55,-57,-63,-53,-56,-52,-47,-64,-65,-54,-22,-24,-23,-28,-26,-54,-42,-54,-61,-54,-48,-51,-15,-15,-15,-14,0,-22,12,-86,-85,-70,-62,-89,0,0,8,8,8,8,8,8,8,8,8,8,8,8,18,16,22,20,31,31,32,25,24,27,30,28,27,0,0,0,104,99,93,28,28,0,81,0,29,0]} 1. e4 e5 2. Nf3 Nc6 3. Bb5 {[%cal Bf1b5,Bb5a4,Ba4b3][%mdl 32]} a6 4. Ba4 Nf6 5. O-O Be7 6. Re1 b5 7. Bb3 d6 8. c3 O-O 9. h3 Na5 10. Bc2 Bb7 11. d4 Nc4 12. b3 Nb6 13. Nbd2 Re8 14. Bb2 {C92: Closed Ruy Lopez: 9...Be6, Karpov and Flohr-Zaitsev Variations} (14. a4 bxa4 15. bxa4 a5 16. Bd3 Nfd7 17. Bb5 c6 18. Bd3 Qc7 19. Rb1 Ba6 20. Bxa6 Rxa6 21. Ba3 Raa8 22. Qc2 h6 23. Rb2 Bf8 24. Reb1 Rab8 25. Rb3 g6 26. Qa2 {½-½ (26) Wedberg,T (2562)-Ahlander,B (2533) Sweden 2007}) 14... Bf8 {LiveBook: 3 Games} 15. c4 {[%cal Rd4e5]} Nbd7 16. d5 {The position is equal.} c6 $146 ({Predecessor:} 16... g6 17. Nh2 c5 18. dxc6 Bxc6 19. Ng4 b4 20. a3 a5 21. Nf1 Nc5 22. axb4 axb4 23. Rxa8 Bxa8 24. Nxf6+ Qxf6 {½-½ (46) Graf,C (2165)-Pollinger,M (2115) Bayern 1995}) 17. a4 Qc7 18. dxc6 Bxc6 19. axb5 axb5 20. cxb5 Bxb5 21. Nb1 Rxa1 22. Bxa1 Bc6 23. Nc3 Qb7 24. Qe2 Nc5 25. Qc4 Rb8 26. Ng5 h6 27. b4 $1 hxg5 28. bxc5 dxc5 29. Rb1 Qc8 30. Bb3 Rb7 31. Ba2 Rxb1+ 32. Nxb1 Qe8 33. Nd2 Bb5 34. Qb3 Ba4 35. Qc4 Bd7 {[#]} 36. Qc3 {[#]} (36. Bxe5 $1 $11 {[%mdl 512] keeps the balance.} Be6 (36... Qxe5 37. Qxf7+) 37. Qc2) 36... Qa8 $1 $17 {[%cal Ra8a2]} 37. Bb1 Be6 38. Nf3 Qa4 ({Black should try} 38... Nxe4 $17 39. Qxe5 Bd5) 39. Bc2 $11 Qb4 40. Nxg5 Bc4 41. Nf3 Nd7 42. Qxb4 cxb4 43. Nxe5 Nxe5 44. Bxe5 {[%mdl 4096] Endgame KBB-KBB} b3 45. Bb1 $1 Be2 {With the idea ...Ba3.} 46. Bb2 $1 Bc5 47. e5 Kf8 48. Be4 Bc4 $1 49. g4 g5 50. Kg2 Bb4 51. Kg3 Bd2 52. h4 gxh4+ 53. Kxh4 Ke7 (53... Bf4 $1 $11) 54. Kg3 $16 Be1 55. Kg2 (55. Kf3 $16) 55... Bd2 $11 56. Kg3 (56. Bf5 $11) 56... Be1 $1 $16 57. Kg2 (57. Kf3 $16) 57... Bd2 $1 $11 58. Kg3 {Precision: White = 38%, Black = 68%.} 1/2-1/2

[Event "5th Vardaris Open 2019"]
[Site "Thessaloniki"]
[Date "2019.03.11"]
[Round "7.4"]
[White "Petrov, Martin"]
[Black "Nikolaou, Spiridon"]
[Result "1/2-1/2"]
[WhiteElo "2475"]
[BlackElo "2235"]
[Annotator "TA"]
[PlyCount "79"]
[EventDate "2019.02.27"]
[EventType "swiss"]
[EventCountry "GRE"]
[SourceTitle "playchess.com"]
[Source "ChessBase"]
[SourceQuality "1"]

{[%evp 13,79,33,30,7,16,0,52,45,36,33,37,45,41,36,140,137,135,71,90,87,99,90,118,97,149,157,142,147,160,126,158,152,163,138,593,418,511,331,410,362,356,162,166,149,160,154,144,135,137,133,143,132,134,57,63,46,70,46,59,0,0,0,0,-8,-8,-8,19,0]} 1. e4 c5 2. Nf3 d6 3. d4 cxd4 4. Nxd4 Nf6 5. Nc3 a6 6. Be3 e5 7. Nb3 Be6 8. h3 {B90: Sicilian Najdorf: Unusual White 6th moves, 6 Be3 Ng4 and 6 Be3 e5} Nbd7 9. g4 Rc8 (9... h6 $11) 10. Qd2 $14 {White is slightly better.} b5 11. O-O-O Qc7 12. Kb1 h6 13. f4 exf4 $146 (13... Be7 $14) ({Predecessor:} 13... Be7 14. Nd5 Bxd5 15. exd5 Ne4 {1-0 (29) Zidu,J (2602)-Jensen,E (2491) ICCF email 2014}) 14. Bxf4 $16 Ne5 {[#]} 15. Qg2 ({Better is} 15. Nd5 $1 {[%cal Rd5c7]} Bxd5 16. exd5) 15... Be7 16. Nd5 Bxd5 17. exd5 Nfd7 18. Nd4 Bg5 (18... Bf6 $142) 19. Bxe5 Nxe5 {[#]} 20. h4 $1 {[%cal Rh4g5]} Be7 21. g5 hxg5 22. hxg5 Rxh1 23. Qxh1 g6 $2 {[%mdl 8192] [#]} (23... Qc5 $16 {is tougher.} 24. Bg2 Bf8) 24. Nc6 $1 {[%mdl 512]} Bf8 {[%cal Re5c6]} (24... Nxc6 25. dxc6) 25. Bh3 Rd8 26. Qe4 ({Not} 26. Nxd8 Qxd8 27. Qg1 Qc7 $18) 26... Bg7 27. Nxd8 (27. Rf1 $142) 27... Qxd8 $18 28. a4 Qxg5 29. axb5 axb5 30. Bf1 Bf6 31. Bxb5+ Kf8 32. Rf1 Kg7 33. Qf4 (33. Qe2 $16) 33... Qxf4 $14 34. Rxf4 {[%mdl 4096] Endgame Ra4 is the strong threat. KRB-KBN} g5 $1 {[%cal Rg5f4]} 35. Rf1 g4 36. Be2 (36. Kc1 $14) 36... Bg5 $11 {The position is equal.} 37. c4 Be3 38. Kc2 g3 {And now ...g2 would win.} 39. Bf3 $1 f5 40. Bh1 {Accuracy: White = 49%, Black = 62%.} 1/2-1/2

[Event "5th Vardaris Open 2019"]
[Site "Thessaloniki"]
[Date "2019.03.11"]
[Round "7.5"]
[White "Stanojoski, Zvonko"]
[Black "Spyropoulos, Nikolaos"]
[Result "1/2-1/2"]
[WhiteElo "2453"]
[BlackElo "2385"]
[Annotator "TA"]
[PlyCount "143"]
[EventDate "2019.02.27"]
[EventType "swiss"]
[EventCountry "GRE"]
[SourceTitle "playchess.com"]
[Source "ChessBase"]
[SourceQuality "1"]

{[%evp 14,143,31,23,24,25,20,14,8,7,14,20,35,10,18,12,10,-4,0,-11,0,0,0,0,0,0,0,0,0,0,0,10,90,24,24,26,35,31,20,12,33,0,5,0,0,0,0,0,0,0,0,0,0,0,0,0,0,0,0,0,0,0,0,0,0,0,0,0,0,0,0,0,22,22,22,24,24,22,24,0,17,17,24,24,31,0,0,0,0,0,31,0,0,0,0,0,0,0,0,0,0,0,0,0,0,0,0,0,0,0,0,0,0,0,0,0,0,0,0,0,0,0,0,0,0,0,0,0,0,0,0,0]} 1. e4 e6 2. d4 d5 3. Nd2 c5 4. exd5 Qxd5 5. Ngf3 cxd4 6. Bc4 Qd8 7. O-O Nc6 8. Nb3 a6 {C07: French Tarrasch: 3...c5, 4 Ngf3 and 4 exd5 Qxd5} 9. Nbxd4 Nxd4 10. Qxd4 Qxd4 11. Nxd4 Bd7 (11... Nf6 12. Be2 e5 13. Nb3 Be6 14. Rd1 Rc8 15. c3 Be7 16. Bf3 e4 17. Be2 O-O 18. Nd4 Bg4 19. Bxg4 Nxg4 {1-0 (51) Salem,A (2660)-Goganov,A (2612) St Petersburg 2018}) 12. Rd1 Bc5 13. Nb3 Bb6 14. Be2 Ne7 15. Bf3 O-O-O 16. Bg5 $146 ({Predecessor:} 16. Bf4) 16... f6 17. Be3 $36 {[%mdl 2048] White is pushing.} Bxe3 18. fxe3 Bc6 19. Nc5 Bxf3 20. gxf3 Rd5 21. Rxd5 exd5 $11 {[%mdl 4096] Endgame KRN-KRN} 22. Kf2 Nc6 (22... Re8 $11 {keeps the balance.}) 23. Ne6 ({Better is} 23. Rd1 $16) 23... g6 24. Rd1 Ne7 $1 25. Rd3 Kd7 26. Nc5+ Kc7 27. e4 Kc6 28. Nb3 dxe4 29. fxe4 Re8 30. a4 Kc7 31. Nc5 Nc6 32. Rd7+ Kb6 33. Nxb7 Rxe4 34. a5+ Nxa5 35. Nxa5 Kxa5 36. Rxh7 {KR-KR} Rb4 37. b3 Rb6 38. Rc7 Kb5 39. Ke3 Re6+ 40. Kd3 Rd6+ 41. Ke4 Kb6 42. Rg7 Rd2 43. Rxg6 Rxc2 44. Rxf6+ Kb5 45. h3 Re2+ 46. Kd4 Rd2+ 47. Kc3 Rh2 48. Rf5+ Kb6 49. Rh5 a5 50. Rh8 Rh1 51. h4 Kc6 52. h5 Rh3+ {The position is equal.} 53. Kb2 Rh2+ 54. Ka3 Rh4 55. h6 Kb7 56. Kb2 Rh3 57. Kc2 Ka7 58. Rh7+ (58. b4 $5 axb4 59. Rh7+ Kb6 60. Rh8 $11) 58... Kb6 59. Kb2 Ka6 60. Rh8 Kb7 61. Kc2 Ka7 62. h7 {[#] Threatens to win with Kd2.} Kb7 63. Kd2 {Black must now prevent Ke2.} Ka7 64. Ke2 Kb7 65. Kf2 Ka7 66. Kg2 Rh6 67. Kf3 Rh1 68. Ke4 {[#] And now Ke5 would win.} Kb7 69. Kd5 {Hoping for Ke5.} Rh5+ 70. Kd6 Rh6+ 71. Ke7 {Strongly threatening Kf7.} Rh1 72. Kf7 {Accuracy: White = 57%, Black = 80%.} 1/2-1/2

[Event "5th Vardaris Open 2019"]
[Site "Thessaloniki"]
[Date "2019.03.11"]
[Round "7.6"]
[White "Nomin-Erdene, Davaademberel"]
[Black "Bukhteeva, Viktoria"]
[Result "1-0"]
[WhiteElo "2389"]
[BlackElo "2135"]
[Annotator "TA"]
[PlyCount "85"]
[EventDate "2019.02.27"]
[EventType "swiss"]
[EventCountry "GRE"]
[SourceTitle "playchess.com"]
[Source "ChessBase"]
[SourceQuality "1"]

{[%evp 11,85,-10,24,20,15,8,35,30,23,37,15,-7,0,-10,-12,-7,-10,-14,-12,-25,-19,-18,-12,-30,-30,-31,-20,-22,-19,-39,-44,-54,-46,-85,-66,-33,-35,-55,-37,-63,0,0,0,0,-1,-25,77,87,99,114,177,162,137,82,80,84,52,72,135,140,141,106,243,235,276,151,231,149,277,224,224,224,224,224,887,870]} 1. f4 d5 2. Nf3 g6 3. g3 Bg7 4. Bg2 Nf6 5. d3 O-O 6. O-O d4 {LiveBook: 16 Games} 7. Na3 {[%cal Bb1a3,Ba3c4,Bc4e5][%mdl 32] A03: Bird's Opening with 1...d5} (7. c3 c5 8. Qe1 Nc6 9. Na3 Nd5 10. Bd2 b6 11. Nc2 Bb7 12. c4 Nc7 13. b4 Nxb4 14. Nxb4 cxb4 15. Bxb4 b5 16. cxb5 Nxb5 17. Qf2 a5 {½-½ (41) Swiercz,D (2501)-Grachev,B (2667) Lublin 2010}) 7... c5 8. Nc4 Nc6 9. e4 {White is slightly better.} dxe3 10. Bxe3 Nd4 11. h3 $146 ({Predecessor:} 11. c3 Nxf3+ 12. Bxf3 Qc7 13. Qe2 {0-1 (69) Lacasta Palacio,J (2195)-Pascual Genoves,M (2193) Spain 2004}) 11... Be6 12. Nce5 Nxf3+ 13. Qxf3 Bd5 14. Qf2 Bxg2 15. Qxg2 Qc7 16. Rae1 Rad8 17. c3 Nd5 18. Bf2 e6 19. Qf3 b5 20. a3 Ne7 21. Qe3 Rd5 22. c4 bxc4 23. dxc4 Nf5 24. Qc3 Rd6 25. b4 Nd4 (25... cxb4 $15 26. axb4 Rfd8) 26. bxc5 $11 Qxc5 27. Re4 $36 {[%cal Rf2d4][%mdl 2048] White has good play.} Rfd8 28. Qb4 $1 {[%cal Rb4c5]} Qxb4 (28... Qc8 $1 $11 29. c5 Nc6 30. Nxc6 Rxc6) 29. axb4 $16 Bxe5 30. fxe5 Nf3+ (30... R6d7 $16) 31. Kg2 $18 Rd3 {aiming for ...Nd2.} 32. Ra1 ({White should try} 32. Rc1 $1) 32... Nd2 $16 33. Rf4 g5 34. Rg4 Nf3 ({Black should play} 34... Rc3) 35. c5 $1 (35. Bxa7 $6 h5 $11) 35... Rc3 36. Ra2 $1 ({But not} 36. Rxa7 $6 Rd2 $11) 36... Rdd3 (36... Kf8 $16) 37. Re4 $18 ({Worse is} 37. Rxa7 Rc2 $11) 37... h5 {[#]} 38. Rae2 ({Weaker is} 38. Rxa7 Rc2 $11) (38. b5 $1 $18) 38... Rd5 (38... Kf8 $16 {was worth a try.}) 39. b5 Nd2 (39... Kf8 $16 {might work better.} 40. Rb2 Nxe5) 40. Rb4 Nc4 {[#]} 41. b6 $1 {[%cal Rb6a7]} axb6 42. cxb6 {b7 is the strong threat.} Rxe5 $2 {[#]} (42... Na5 43. b7 Nxb7) 43. Rxc4 $1 {[%mdl 512] Precision: White = 60%, Black = 49%.} 1-0

[Event "5th Vardaris Open 2019"]
[Site "Thessaloniki"]
[Date "2019.03.11"]
[Round "7.7"]
[White "Drazic, Sinisa"]
[Black "Rahmanidis, Petros"]
[Result "1-0"]
[WhiteElo "2370"]
[BlackElo "2112"]
[Annotator "TA"]
[PlyCount "67"]
[EventDate "2019.02.27"]
[EventType "swiss"]
[EventCountry "GRE"]
[SourceTitle "playchess.com"]
[Source "ChessBase"]
[SourceQuality "1"]

{[%evp 17,67,18,34,18,50,48,52,51,47,48,68,72,70,60,62,63,92,94,92,89,79,84,82,0,0,0,0,0,0,0,53,31,69,64,72,67,456,422,403,402,362,161,451,414,744,376,1077,1059,1745,1745,1732,1679]} 1. d4 Nf6 2. c4 g6 3. Nc3 Bg7 4. Nf3 O-O 5. h3 d6 6. Bf4 Nfd7 7. e3 e5 8. Bh2 Nc6 9. Be2 f5 10. O-O {E61: King's Indian: Early deviations for White, including Smyslov System} e4 (10... Kh8 11. a3 e4 12. Nd2 Ne7 13. b4 Nf6 14. Rc1 Be6 15. f3 exf3 16. Bxf3 c6 17. b5 Bg8 18. a4 Rc8 {1-0 (31) Matlakov,M (2689)-Huzman,A (2580) Berlin 2015}) 11. Nd2 Re8 12. Rb1 {White is slightly better.} Nf6 13. b4 g5 14. Qc2 $146 ({Predecessor:} 14. b5 Ne7 15. f3 d5 16. cxd5 Nexd5 17. Nxd5 Nxd5 {½-½ (51) Cherepov,A (2266)-Silich,Y (2058) Vilnius 2018}) 14... Ne7 15. d5 Ng6 16. c5 a6 17. cxd6 cxd6 18. b5 f4 19. bxa6 (19. Ndxe4 Bf5 $14) 19... bxa6 20. Ncxe4 (20. exf4 $16 Nxf4 21. Bxf4 (21. Ndxe4 Bf5 $17) 21... gxf4 22. Ncxe4 (22. Ndxe4 Nxe4 23. Nxe4 Bf5 $16)) 20... Nxe4 $11 21. Nxe4 Bf5 22. f3 fxe3 23. Qc6 Nf4 ({Black should play} 23... Be5 $11) 24. Bxf4 $1 $14 gxf4 25. Nxd6 Bxb1 26. Nxe8 Bxa2 $2 {[%mdl 8192] [#]} (26... Qxe8 $14 27. Rxb1 Qxc6 28. dxc6 Be5) 27. Nxg7 Kxg7 28. Rd1 Rb8 29. Qxa6 (29. d6 $142) 29... Bxd5 $2 (29... Rb2 {was necessary.} 30. d6 (30. Qa7+ Kg8 $16) 30... Bb3) 30. Qa7+ $18 Kg6 (30... Kh6 $142 31. Qa4 Qg5 32. Rxd5 Rb1+ 33. Rd1 Rxd1+ 34. Qxd1 Qg3) 31. Qd4 Bxf3 $2 {[#]} (31... Qd6 32. Qxd5 Qxd5 33. Rxd5 Rb1+ 34. Kh2 Rb4 35. Bd3+ Kf6) 32. Qxf4 {White is clearly winning.} ({Not} 32. gxf3 Qxd4 33. Rxd4 Rb2 $18) 32... Bxe2 33. Rd6+ Kg7 34. Rxd8 {Accuracy: White = 62%, Black = 30%.} 1-0

[Event "5th Vardaris Open 2019"]
[Site "Thessaloniki"]
[Date "2019.03.11"]
[Round "7.8"]
[White "Lazov, Toni"]
[Black "Sidiropoulos, Nikolaos"]
[Result "0-1"]
[WhiteElo "2332"]
[BlackElo "2112"]
[Annotator "TA"]
[PlyCount "154"]
[EventDate "2019.02.27"]
[EventType "swiss"]
[EventCountry "GRE"]
[SourceTitle "playchess.com"]
[Source "ChessBase"]
[SourceQuality "1"]

{[%evp 16,154,33,36,57,59,53,38,47,28,38,23,68,49,60,63,81,74,113,103,131,139,142,152,153,130,127,120,131,127,115,45,37,37,22,35,75,-100,-108,-98,-98,-104,-96,-107,-112,-106,-117,-147,-148,-148,-146,-168,-170,-221,-174,-187,-187,-194,-169,-229,-228,-228,-228,-160,-160,-228,-228,-262,-227,-321,-273,-446,-446,-446,-446,-446,-446,-446,-446,-446,-446,-435,-398,-341,-241,-244,-194,-207,-132,-95,-95,-95,-95,-29960,-29964,-29966,-29964,-29948,-29954,-29966,-29956,-5315,-389,-29971,-29968,-29968,-29969,-29969,-29971,-29971,-29972,-29972,-29972,-29972,-29973,-29970,-29971,-29971,-29968,-29970,-29971,-29971,-29971,-29973,-29973,-29972,-4622,-29981,-29982,-29982,-29983,-29983,-29984,-29984,-29985,-29985,-29986,-29986,-29987,-29989,-4134]} 1. e4 e6 2. d4 d5 3. Nd2 Nc6 4. Ngf3 Nf6 5. e5 Nd7 6. Bd3 Nb4 7. Be2 c5 8. c3 Nc6 9. O-O f6 {C04: French Tarrasch: 3...Nc6} (9... a5 10. a4 Be7 11. Nb1 O-O 12. Na3 cxd4 13. cxd4 f6 14. exf6 Nxf6 15. Nb5 Bd7 16. Re1 Ne4 17. Bd3 {1-0 (25) Nisipeanu,L (2687)-Richter,M (2505) Germany 2016}) 10. exf6 Nxf6 11. dxc5 Bxc5 {White is slightly better.} 12. b4 $146 ({Predecessor:} 12. Nb3 Bb6 13. Bg5 O-O 14. c4 Qd6 15. Bh4 Ne4 16. Nbd2 {0-1 (28) Nikolenko,O (2536)-Castaneda,G (2477) Tula 2006}) 12... Bd6 13. b5 Ne7 14. c4 O-O 15. Bb2 Ng6 16. g3 Kh8 17. Bd3 Qe8 18. Re1 e5 19. cxd5 Bg4 20. Qb3 Nd7 21. Be2 Qf7 22. Ne4 Bc5 {[%cal Rg4f3]} 23. Nxc5 ({Better is} 23. Rac1 $16) 23... Nxc5 $14 24. Qe3 {Ng5 is the strong threat.} Bxf3 25. Qxc5 Bxd5 {White must now prevent ...Rac8.} 26. Rac1 $2 {[#]} (26. Rad1 $16 {stays on course.} Bxa2 27. Qe3) 26... Nf4 $1 $17 {[%mdl 512] ( -> ...Nh3+)} 27. Bf1 (27. gxf4 Qg6+) 27... Nd3 $1 {[%cal Rd3c5]} 28. Bxd3 Qf3 $40 {[%csl Gd5][%cal Rf3h1][%mdl 128] Black is out for blood.} 29. Be4 Bxe4 {[#]} 30. Rxe4 $1 {[%mdl 512]} Qxe4 31. Qxe5 Qxe5 32. Bxe5 {[%mdl 4096] Endgame KRR-KRB} Rac8 33. Re1 Kg8 34. Bd4 (34. Re2 $142) 34... Rfe8 35. Rxe8+ Rxe8 36. Bxa7 $19 {KR-KB} Ra8 37. Be3 (37. b6 $142) 37... Rxa2 38. Kg2 Kf7 39. Kf3 Ke6 40. b6 (40. Ke4 $17) 40... Ra4 41. g4 Kd5 42. h3 (42. Bf4 $142) 42... Rb4 43. Kg3 $2 (43. Ke2) 43... Ke4 44. h4 Rb3 45. h5 g5 46. hxg6 hxg6 47. Kh4 {[#]} Rb5 $1 48. Kg3 g5 49. Kg2 Rd5 50. Bc1 Rc5 51. Bd2 Kd3 52. Be3 Re5 53. Kf3 Rb5 54. Kg3 $2 {[%mdl 8192] [#]} (54. Bc1 $17) 54... Ke2 $1 55. Kg2 Rd5 56. Bc1 Rc5 57. Be3 Rb5 58. Bc1 Re5 $2 (58... Rxb6 59. Bxg5 Rg6) 59. f4 $2 (59. f3 $19 Rb5 60. Kg3) 59... Rc5 60. Ba3 Rc4 61. fxg5 Rxg4+ {[%mdl 64] Double Attack} 62. Kh3 Rxg5 63. Bd6 Rg6 64. Bc7 Kd3 65. Kh4 Kc4 66. Kh5 Rg2 67. Bf4 Kb5 68. Be3 Kc6 69. Kh4 Rb2 70. Kg3 Rxb6 71. Bxb6 Kxb6 {KP-K. Black mates.} 72. Kf3 Kc5 73. Ke2 Kc4 74. Kd2 Kb3 75. Kc1 b5 {[%cal Bb7b5,Bb5b4][%mdl 32]} 76. Kb1 b4 77. Ka1 Kc2 {Accuracy: White = 54%, Black = 74%.} 0-1